000 01167nam a2200217Ia 4500
003 Ost
005 20260507075052.0
008 260507s9999||||xx |||||||||||||| ||und||
020 _a188516468X
040 _cfsecg
041 _aara
082 _a658.049
100 _aفلوريني، آن
_eمؤلف
245 0 _aالقوة الثالثة :
_bالمؤسسات العالمية عبر الحدود القومية /
_c آن فلوريني
260 _aبيروت:
_bدار الساقي,
_c2005
300 _a269 صفحة؛
_bإيضاحات ؛
_c24 سم
520 _aما الذي يحتاج اليه العالم الآن؟، شبكة عالمية للتصدي للفساد، المؤيدون والناشطون، نحو الحكم الديمقراطي للتنمية الدائمة، الشبكات ما بعد القومية والحملات في سبيل الديمقراطية، بناء الشبكات نحو هدف مشترك، سلطة المعايير مقابل معايير السلطة، الدروس المستخلصة
653 _aالشركات العالمية
700 _aبشارة، تانيا
_eمؤلف ثانوي
942 _cكتاب
999 _c42664
_d42664